LEADER 01231nam a2200265 a 4500 001 000000160704 003 CaOOAMICUS 005 20170516094518.0 008 170516s1969 is m 001 u fre r 032 $aLibriCat 040 $aPUL$bita 100 1 $aCaspar, Robert.$0(OLS)http://pul/name/46380 245 13$aLa foi musulmane selon le Coran :$betude de thèmes et perspectives théologiques /$cauctore Robertus Caspar, P.A. 260 $aJerusalem :$b[s.n.],$c1969. 300 $a72 p. ;$c24 cm. 502 $aEstratto da tesi -- Pontificia Universitas Gregoriana. Facultas theologica. 1969. 504 $aBibliografia in nota. 630 04$aCorano$xCritica e interpretazione.$0(OLS)http://pul/subject/11006 710 2 $aPontificia Università Gregoriana.$bFacoltà di teologia.$kTesi.$0(OLS)http://pul/name/81592 850 $aPUL 852 $aPUL$W1$xDP1 Tesi Pon. Univ. Gregoriana$y40$mTH PUG 2065$j184466$qTesi$B187670$CPULBib$Z2$F187670 $H33558 $82 941 1 $a16 996 $6245$aLa foi musulmane selon le Coran :$betude de thèmes et perspectives théologiques$9(OLS)http://pul/title/200415 996 $6260$aJerusalem :$b[s.n.]$9(OLS)http://pul/publisher/69878 LEADER 01410nam a2200313 a 4500 001 000000171584 003 CaOOAMICUS 005 20190314141940.0 008 190314s2019 it u000 u ita r 020 $a978-88-08-42044-2* 032 $aLibriCat 040 $aPUL$bita 082 04$a348 100 1 $aFabiani, Massimo.$0(OLS)http://pul/name/75387 245 03$aLa struttura finanziaria del concordato preventivo:$bprima e dopo il nuovo codice della crisi di imporesa e dell'insolvenza /$cMassimo Fabiani. 260 $aBologna :$bZanichelli,$c©2019. 300 $aXIII,322 p. ;$c25 cm 490 1 $aStrumenti del diritto ;$v50 504 $aBibliografia p. [303]-322. 650 4$aFallimento (diritto).$0(OLS)http://pul/subject/17091 830 0$aStrumenti del diritto ;$v50.$0(OLS)http://pul/title/136502 850 $aPUL 852 $aPUL$W1$xSL Diritto e Scienze Sociali 3$y79$m348 COLL 1.50$j195365$qDDC 21$B200238$CPULBib$Z2$F200238 $H132476 $82 941 1 $a9 996 $6020$a978-88-08-42044-2*$9(OLS)http://pul/number/165817 996 $6082$a348$9(OLS)http://pul/classification/2532 996 $6245$aLa struttura finanziaria del concordato preventivo:$bprima e dopo il nuovo codice della crisi di imporesa e dell'insolvenza$9(OLS)http://pul/title/212390 996 $6260$aBologna :$bZanichelli$9(OLS)http://pul/publisher/48255